000
00287nam a22001337a 4500
008
170407b xxu||||| |||| 00| 0 eng d
020
_a
9780683302653
041
_a
eng
080
_2
2 ED
_a
616
100
_a
9
101
_a
SHM
245
_a
PATHOLOGY
_c
SCHNEIDER.A.S
942
_2
udc
_c
BK
999
_c
10226
_d
10226